Dua Lipa - Chansons commençants par H - Statistiques

Statistiques générales
  • Ce quiz a été pris 13 fois
  • Le résultat moyen est 2 sur 5
Statistiques - réponses
H % Correct
Houdini
80%
Hallucinate
30%
Homesick
30%
Hotter than Hell
30%
Happy for You
20%
Aucun quiz correspondant
Distribution des résultats
% des personnes avec chaque résultat
Percentile par nombre de réponses
Votre historique - résultats
Vous n’avez pas pris ce quiz